Presencia de humo
Na minha lista:
| Autor principal: | |
|---|---|
| Formato: | Livro |
| Idioma: | Undetermined |
| Publicado em: |
San Salvador, El Salvador
Ministerio de Cultura
1959
|
| Assuntos: | |
| Tags: |
Adicionar Tag
Sem tags, seja o primeiro a adicionar uma tag!
|
MARC
| LEADER | 00000nam a2200000Ia 4500 | ||
|---|---|---|---|
| 008 | 170316s9999 xx 000 0 und d | ||
| 040 | |a cru BVZT | ||
| 090 | |a 860 C-40p | ||
| 100 | |a Contreras, Raúl | ||
| 245 | |a Presencia de humo | ||
| 260 | |a San Salvador, El Salvador | ||
| 260 | |b Ministerio de Cultura | ||
| 260 | |c 1959 | ||
| 300 | |a 115 páginas | ||
| 650 | |a LITERATURA LATINOAMERICANA | ||
| 999 | |c 8532 |d 8532 | ||
| 942 | |c 15 D |h 860 C-40p |2 z | ||
